Word Ladder: Guess the Band VII Quiz Stats

Quiz Updated Sep 23, 2017

Challenge
Share
Tweet
Embed
Score 0/69 Timer 07:00
0 Plays Today
Hint 4-Letter Word % Correct
Fish breathing organGILL
96.5%
Use all space of containerFILL
95.2%
Singer Nat KingCOLE
94.7%
Clark Kent love interest LoisLANE
92.9%
Belonging to meMINE
92.7%
Young male horseCOLT
92.6%
Walking stickCANE
92.6%
Horse head and neck hairMANE
91.8%
Layer of paintCOAT
91.8%
Of sound mindSANE
91.8%
SolitaryLONE
91.6%
Small sheltered inletCOVE
91.1%
Head honcho at workBOSS
91%
Itemized grocery needsLIST
91%
Copenhagen residentDANE
90.9%
♫ Friday I'm in ___, 1992 ♫LOVE
90.8%
♫ Why ___ I Be You? 1987 ♫CAN'T
90.7%
Snake soundHISS
90.7%
Ocean breakerWAVE
89.7%
Informal conversationCHAT
89.3%
DesireWANT
89.3%
Of great distanceLONG
89%
Verbalized melodicallySANG
88.8%
Rather, Aykroyd, and Marino, e.g.DANS
88.8%
♫ ___ Don’t Cry, 1980 ♫BOYS
88.3%
Movie rosterCAST
88%
♫ Love ___, 1989 ♫SONG
87.8%
Cloud of water dropletsMIST
87.8%
Where a nail is hitHEAD
87.6%
Hudson, Baffin and Chesapeake, e.g.BAYS
87.3%
DiminishWANE
87.2%
♫ ___ Dance, 1989 ♫LAST
86.9%
DaybreakDAWN
86.4%
♫ Watching Me ___, 2000 ♫FALL
86%
Large group of hoofed mammalsHERD
85.8%
Hint 4-Letter Word % Correct
♫ Just ___ Heaven, 1987 ♫LIKE
85.7%
WashLAVE
85.3%
Trek on mountain trailHIKE
84.8%
EmployHIRE
84.7%
♫ In Between ___, 1985 ♫DAYS
84.5%
University chiefDEAN
84.3%
Blocker's Bonanza characterHOSS
82.2%
♫ Sleep When I'm ___, 2008 ♫DEAD
82%
Mend socksDARN
81.8%
Flexible water conduitHOSE
81.5%
Untidy pileHEAP
81.3%
Former Italian currency (pl.)LIRE
81.1%
♫ ___ Car, 1996 ♫MINT
80.8%
Columbo actor PeterFALK
79.7%
Fish enticerLURE
79.1%
♫ Cut ___, 2001 ♫HERE
78.7%
Action, endeavorDEED
74.7%
ChallengeDARE
74.5%
1970s English rock band: Uriah ___HEEP
73.1%
♫ The Same ___ Water As You, '89 ♫DEEP
70%
♫ THE BAND: The ___CURE
69.2%
Corduroy ridgeWALE
67.5%
♫ The ___, 1983 ♫WALK
67.4%
♫ Close ___, 1989 ♫DOWN
66.1%
'Coming Home' actor BruceDERN
65.6%
♫ So ___, 1979 ♫WHAT
63%
TarryWAIT
61.9%
Klingon Worf actor MichaelDORN
57%
Smallest imaginable amountWHIT
53.4%
♫ The ___, 1987 ♫KISS
53.2%
Sporcle's Daily offeringDOSE
51.5%
Headphone companyKOSS
51.4%
French illustrator GustaveDORÉ
49.8%
♫ Birdmad ___, 1984 ♫GIRL
43.7%

Today's Daily Dose

You're not logged in!

Compare scores with friends on all Sporcle quizzes.
Sign Up with Email
OR
Log In

You Might Also Like...

Show Comments

Extras

Top Quizzes Today


Score Distribution

Your Account Isn't Verified!

In order to create a playlist on Sporcle, you need to verify the email address you used during registration. Go to your Sporcle Settings to finish the process.

Report this User

Report this user for behavior that violates our Community Guidelines.

Details: